Perceptrons : an introduction to computational geometry
Αποθηκεύτηκε σε:
| Κύριος συγγραφέας: | |
|---|---|
| Άλλοι συγγραφείς: | |
| Μορφή: | Βιβλίο |
| Γλώσσα: | English |
| Δημοσίευση: |
Cambridge, Mass. :
MIT Press,
1988, c1969
|
| Έκδοση: | Expanded ed |
| Θέματα: | |
| Ετικέτες: |
Προσθήκη ετικέτας
Δεν υπάρχουν, Καταχωρήστε ετικέτα πρώτοι!
|
MARC
| LEADER | 00000cam a2200000 i 4500 | ||
|---|---|---|---|
| 001 | 1/29049 | ||
| 008 | 941103t1990 eng d | ||
| 020 | |a 0262631113 | ||
| 035 | |l 10038225 | ||
| 035 | |a 1993 |c ΠΑΝΑΓΙΩΤΟΠΟΥΛΟΣ | ||
| 040 | |a GR-MY-UA |b gre |e aacr | ||
| 041 | 0 | |a eng | |
| 082 | 0 | |a 006.3 |2 (19) | |
| 100 | 1 | |a Minsky, Marvin Lee |d 1927- | |
| 245 | 1 | 0 | |a Perceptrons : |b an introduction to computational geometry / |c Marvin Minsky and Seymour Papert |
| 250 | |a Expanded ed | ||
| 260 | |a Cambridge, Mass. : |b MIT Press, |c 1988, c1969 | ||
| 300 | |a xv, 292 p.; |b ill.; |c 23 cm | ||
| 500 | |a Includes index | ||
| 504 | |a Bibliography: p. [281]-287 | ||
| 650 | 0 | 0 | |a Perceptrons. |
| 650 | 0 | 0 | |a Geometry |x Data processing. |
| 650 | 0 | 0 | |a Parallel processing (Electronic computers) |
| 650 | 0 | 0 | |a Machine learning. |
| 700 | 1 | |a Papert, Seymour. | |
| 852 | |a INST |b SAMOS |e 19941103 |h 006.3 MIN |p 005300005902 |q 005300005902 |t BK |y 0 | ||
| 909 | |a Σ |b 029476 | ||